مكتبة جامعة عجلون الوطنية

فهرس بحث المكتبة

إزالة الخطر عمن جمع بين الصلاتين في الحضر (Record no. 10469)

MARC details
000 -LEADER
fixed length control field 00856nam a2200205Ii 4500
003 - CONTROL NUMBER IDENTIFIER
control field JO-AjNU
008 - FIXED-LENGTH DATA ELEMENTS--GENERAL INFORMATION
fixed length control field 230605s9999||||xx |||||||||||||| ||und||
017 ## - COPYRIGHT OR LEGAL DEPOSIT NUMBER
Copyright or legal deposit number 2006/5/1275
040 ## - CATALOGING SOURCE
Original cataloging agency JO-AjNU
Language of cataloging ara
Description conventions rda
Transcribing agency JO-AjNU
041 ## - LANGUAGE CODE
Language code of text/sound track or separate title ara
050 14 - LIBRARY OF CONGRESS CALL NUMBER
Classification number BP178.I262 2006
100 3# - MAIN ENTRY--PERSONAL NAME
Personal name العماري، أحمد بن محمد بن الصديق ؛ اشراف، علوي بن حامد شهاب الدين,
Relator term author
9 (RLIN) 20386
245 00 - TITLE STATEMENT
Title إزالة الخطر عمن جمع بين الصلاتين في الحضر
264 31 - PRODUCTION, PUBLICATION, DISTRIBUTION, MANUFACTURE, AND COPYRIGHT NOTICE
Place of production, publication, distribution, manufacture اربد: دار الكتاب الثقافي للطباعة والنشر والتوزيع، 2006
300 ## - PHYSICAL DESCRIPTION
Extent 259ص
Other physical details يتضمن ببلوغرافيا ص 229-259
336 ## - CONTENT TYPE
Content type term text
Content type code txt
Source rdacontent
337 ## - MEDIA TYPE
Media type term unmediated
Media type code n
Source rdamedia
338 ## - CARRIER TYPE
Carrier type term volume
Carrier type code nc
Source rdacarrier
650 #4 - SUBJECT ADDED ENTRY--TOPICAL TERM
Topical term or geographic name entry element الصلاة- صلاة المسافر
9 (RLIN) 20387
Holdings
Withdrawn status Lost status Source of classification or shelving scheme Damaged status Not for loan Home library Current library Shelving location Date acquired Total Checkouts Full call number Barcode Date last seen Price effective from Koha item type
    Library of Congress Classification     مكتبة جامعة عجلون الوطنية مكتبة جامعة عجلون الوطنية المجموعات العامة 06/06/2023   BP178.I262 2006 A6901 06/06/2023 06/06/2023 Books